000 00562nam a2200181Ia 4500
003 OSt
005 20201111154132.0
008 190216s9999||||xx |||||||||||||| ||und||
020 _a0070995729
040 _coclc
082 _a515.35
_bSIM/D
100 _aSimmons, George F
_93787
245 0 _aDifferential Equations With Applications And Historical Notes /
_cGeorge F Simmons
260 _bTata Mcgrawhill Publishers,
_c1974.
_aNew Delhi:
300 _a465p
650 _aMathematics
942 _cBK
_2ddc
_h515.35
_iSIM/D
_k515.35
_mSIM/D
999 _c31491
_d31491